| 000 | 00551nam a22001817a 4500 | ||
|---|---|---|---|
| 005 | 20140109154015.0 | ||
| 010 | _aENG-109003 | ||
| 020 |
_a9789351430384 _c140.00 |
||
| 035 | _aEN-92536 | ||
| 037 | _bDBAD/PUB | ||
| 082 | _a320 | ||
| 100 | _aThorpes | ||
| 245 |
_aPolitical science-1 : _cby Thorpes _bfor 5 year law course / |
||
| 260 |
_aGurgaon _bLexis Nexis _c2013 |
||
| 270 |
_a14th floor, Building No 10, Tower-B, DLF Cyber City, Phase-ll, _bGurgaon _e122002 |
||
| 300 |
_aviii,136p. _c22cm(pbk) |
||
| 942 |
_2ddc _cEN _mTHO _h320 |
||
| 999 |
_c81463 _d81463 |
||